[Event "Madrid-chT Honor 2223"]
[Site "Madrid"]
[Date "2023.03.12"]
[Round "13.2"]
[White "Fernandez Lledo, Javier"]
[Black "Rottenwohrer Suarez, Juan"]
[Result "1-0"]
[WhiteElo "2252"]
[BlackElo "2317"]
[PlyCount "93"]
[EventDate "2022.11.20"]
[EventType "team-tourn"]
[EventRounds "14"]
[EventCountry "ESP"]
[SourceTitle "EXT 2024"]
[Source "ChessBase"]
[SourceDate "2023.10.10"]
[SourceVersion "1"]
[SourceVersionDate "2023.10.10"]
[SourceQuality "1"]
[WhiteTeam "Alcala de Henares"]
[BlackTeam "San Sebastian de los Reyes"]
[WhiteTeamCountry "ESP"]
[BlackTeamCountry "ESP"]

1. e4 c5 2. Nc3 Nc6 3. Bb5 Nd4 4. Bc4 e6 5. Nge2 Ne7 6. Nxd4 cxd4 7. Ne2 Nc6 8. 0-0 Bc5 9. Ng3 0-0 10. d3 d5 11. exd5 exd5 12. Bb3 Na5 13. f4 Nxb3 14. axb3 f5 15. Qf3 Be6 16. Bd2 Rc8 17. Rfe1 Qd7 18. Qf2 Qf7 19. Ne2 Qf6 20. Ra4 Bd7 21. Raa1 Rfe8 22. Kf1 a6 23. Ng1 Ba7 24. Bb4 Qc6 25. Rac1 Qh6 26. h3 Bb5 27. Rxe8+ Bxe8 28. Ne2 Qb6 29. Ba3 Bh5 30. Ng3 Bg6 31. Re1 Qc7 32. Re5 Qd7 33. Re7 Qc6 34. Bb4 h6 35. h4 Qf6 36. h5 Bf7 37. Re5 Bb8 38. Nxf5 Kh7 39. Be7 Qb6 40. Qg3 g6 41. Nd6 Bxd6 42. hxg6+ Bxg6 43. Re6 Rg8 44. Bxd6 Qc6 45. Re7+ Rg7 46. f5 Bf7 47. Rxf7 1-0

[Event "Madrid Alcorcon op 1st"]
[Site "Madrid"]
[Date "2022.12.27"]
[Round "3"]
[White "Calvo Gonzalez, Jose Felix"]
[Black "Fernandez Lledo, Javier"]
[Result "1-0"]
[WhiteElo "2085"]
[BlackElo "2273"]
[PlyCount "137"]
[EventDate "2022.12.26"]
[EventType "swiss"]
[EventRounds "9"]
[EventCountry "ESP"]
[SourceTitle "CBM 212 Extra"]
[Source "ChessBase"]
[SourceDate "2023.03.31"]
[SourceVersion "1"]
[SourceVersionDate "2023.03.31"]
[SourceQuality "1"]

1. d4 Nf6 2. c4 g6 3. Nc3 Bg7 4. e4 0-0 5. f3 d6 6. Be3 Nbd7 7. Nh3 a6 8. Nf2 c5 9. d5 b5 10. cxb5 Qa5 11. Qd2 Ne8 12. Bh6 Rb8 13. Bxg7 Kxg7 14. a4 Nc7 15. Be2 axb5 16. Nxb5 Qxd2+ 17. Kxd2 Ba6 18. Nxc7 Rxb2+ 19. Kc3 Rxe2 20. Nxa6 Rxf2 21. Rhb1 Rxg2 22. a5 Rf2 23. Rb7 Rxf3+ 24. Kc2 Rd8 25. Nc7 c4 26. a6 Nc5 27. Rb4 Rf2+ 28. Kc3 Nxe4+ 29. Kd4 Nc5 30. a7 Nd7 31. a8Q Rxa8 32. Nxa8 Ne5 33. Nb6 Rd2+ 34. Kc3 Rxh2 35. Nxc4 Rh3+ 36. Kc2 Rh4 37. Raa4 Rh2+ 38. Kc3 Rh3+ 39. Kc2 Nd3 40. Rb1 Nc5 41. Ra7 Rh2+ 42. Kc3 Re2 43. Rb2 Re1 44. Nd2 h5 45. Rb1 Re2 46. Rh1 f5 47. Raa1 Re3+ 48. Kc2 Kf6 49. Rae1 Rd3 50. Re6+ Nxe6 51. Kxd3 Nf4+ 52. Kd4 g5 53. Nf1 h4 54. Ne3 h3 55. Nf1 g4 56. Ng3 Ng2 57. Rf1 f4 58. Ne4+ Kf5 59. Ng3+ Kg6 60. Ne2 Kg5 61. Ke4 h2 62. Rh1 f3 63. Ng3 Kh4 64. Nf1 g3 65. Kxf3 Ne1+ 66. Ke2 Kg4 67. Nxh2+ gxh2 68. Kxe1 Kh3 69. Kf2 1-0

[Event "Madrid-chT Honor 2122"]
[Site "Madrid"]
[Date "2022.02.20"]
[Round "10.3"]
[White "Lianes Garcia, Marcos"]
[Black "Fernandez Lledo, Javier"]
[Result "1-0"]
[WhiteElo "2409"]
[BlackElo "2243"]
[PlyCount "47"]
[EventDate "2021.11.27"]
[EventType "team-tourn"]
[EventRounds "14"]
[EventCountry "ESP"]
[SourceTitle "EXT 2024"]
[Source "ChessBase"]
[SourceDate "2023.10.10"]
[SourceVersion "1"]
[SourceVersionDate "2023.10.10"]
[SourceQuality "1"]
[WhiteTeam "Collado Villalba"]
[BlackTeam "Alcala de Henares"]
[WhiteTeamCountry "ESP"]
[BlackTeamCountry "ESP"]

1. e4 c5 2. Nf3 e6 3. d4 cxd4 4. Nxd4 Nc6 5. Nc3 Qc7 6. Be3 Nf6 7. Qf3 a6 8. 0-0-0 Ne5 9. Qg3 b5 10. f4 Neg4 11. Bg1 b4 12. Na4 Nh6 13. Qe3 Bb7 14. Bd3 d5 15. e5 Ne4 16. Qh3 g6 17. g4 g5 18. Qh5 0-0-0 19. fxg5 Ng8 20. Nf3 d4 21. Bxd4 Rxd4 22. Nxd4 Nxg5 23. Rhf1 Be4 24. Nxe6 1-0

[Event "Madrid-chT Honor 2122"]
[Site "Madrid"]
[Date "2021.12.19"]
[Round "3.3"]
[White "Fernandez Lledo, Javier"]
[Black "Lianes Garcia, Marcos"]
[Result "0-1"]
[WhiteElo "2261"]
[BlackElo "2409"]
[PlyCount "50"]
[EventDate "2021.11.27"]
[EventType "team-tourn"]
[EventRounds "14"]
[EventCountry "ESP"]
[SourceTitle "EXT 2024"]
[Source "ChessBase"]
[SourceDate "2023.10.10"]
[SourceVersion "1"]
[SourceVersionDate "2023.10.10"]
[SourceQuality "1"]
[WhiteTeam "Alcala de Henares"]
[BlackTeam "Collado Villalba"]
[WhiteTeamCountry "ESP"]
[BlackTeamCountry "ESP"]

1. d4 Nf6 2. Nc3 d5 3. Bg5 Nbd7 4. Qd3 g6 5. f3 Bg7 6. e4 dxe4 7. fxe4 c5 8. Nf3 0-0 9. e5 Ng4 10. h3 cxd4 11. hxg4 dxc3 12. Qxc3 Nxe5 13. Nxe5 Qd5 14. Bc4 Qe4+ 15. Be2 Bxe5 16. Qf3 Qb4+ 17. c3 Qxb2 18. Rc1 Be6 19. Qh3 h5 20. Qe3 f6 21. Bh6 Rfc8 22. Qe4 Bf7 23. Rxh5 Rxc3 24. Rb1 Qc2 25. Qxb7 Rb8 0-1

[Event "Belgrade Serbia op"]
[Site "Belgrade"]
[Date "2021.07.04"]
[Round "4"]
[White "Teuschler, Barbara"]
[Black "Fernandez Lledo, Javier"]
[Result "0-1"]
[WhiteElo "2148"]
[BlackElo "2288"]
[PlyCount "84"]
[EventDate "2021.07.02"]
[EventType "swiss"]
[EventRounds "9"]
[EventCountry "SRB"]
[SourceTitle "CBM 203 Extra"]
[Source "ChessBase"]
[SourceDate "2021.09.30"]
[SourceVersion "1"]
[SourceVersionDate "2021.09.30"]
[SourceQuality "1"]

1. e4 c5 2. Nf3 e6 3. d4 cxd4 4. Nxd4 Nc6 5. Nc3 Qc7 6. Be2 Nf6 7. 0-0 Be7 8. Kh1 0-0 9. f4 d6 10. Be3 a6 11. a4 Bd7 12. Nb3 b6 13. Bf3 Rab8 14. g4 Bc8 15. g5 Nd7 16. Bg2 Re8 17. Qh5 g6 18. Qh3 Bf8 19. Rad1 b5 20. axb5 axb5 21. Rf2 b4 22. Ne2 Bg7 23. Bc1 Ba6 24. Qf3 Rec8 25. Ng1 Nc5 26. Rfd2 Nxb3 27. Qxb3 Na5 28. Qa2 Nc4 29. Rf2 Qb6 30. Rf3 Nxb2 31. Bxb2 Rxc2 32. Rb1 Bxb2 33. Rxb2 Rc1 34. Rbf2 Bb7 35. Rf1 Rbc8 36. Qf2 Qb5 37. Re3 R8c2 38. Re2 b3 39. Rxc1 Rxc1 40. Rb2 Qc4 41. Qb6 Kg7 42. Qxb3 Qd4 0-1

[Event "Veliko Gradiste Silver Lake op-A"]
[Site "Veliko Gradiste"]
[Date "2021.06.25"]
[Round "4"]
[White "Fernandez Lledo, Javier"]
[Black "Nurmanova, Alua"]
[Result "1/2-1/2"]
[WhiteElo "2281"]
[BlackElo "2093"]
[PlyCount "194"]
[EventDate "2021.06.23"]
[EventType "swiss"]
[EventRounds "9"]
[EventCountry "SRB"]
[SourceTitle "EXT 2022"]
[Source "ChessBase"]
[SourceDate "2021.10.06"]
[SourceVersion "1"]
[SourceVersionDate "2021.10.06"]
[SourceQuality "1"]

1. d4 Nf6 2. Nc3 d6 3. e4 g6 4. f3 Bg7 5. Be3 0-0 6. Qd2 e5 7. Nge2 Nc6 8. d5 Na5 9. Ng3 c5 10. Bh6 b5 11. Nxb5 Bxh6 12. Qxh6 Rb8 13. b3 c4 14. Nxa7 Bd7 15. Rd1 cxb3 16. axb3 Nxb3 17. cxb3 Qa5+ 18. Qd2 Qxa7 19. Bc4 Bb5 20. Qc3 Bxc4 21. bxc4 Rfc8 22. Nf1 Qa2 23. Nd2 Rb2 24. 0-0 Ra8 25. Qe3 Ra3 26. Qh6 Nh5 27. g3 Rd3 28. Ra1 Rdxd2 29. Qxd2 Rxd2 30. Rxa2 Rxa2 31. Rb1 Rc2 32. Rb6 Rxc4 33. Rxd6 Kf8 34. Ra6 Ke7 35. Ra7+ Ke8 36. d6 f6 37. Rxh7 Rd4 38. Re7+ Kd8 39. Rh7 Rxd6 40. Rh6 Ke7 41. Rxg6 Rd2 42. Rg8 Kf7 43. Ra8 Ng7 44. Ra7+ Kg6 45. Ra6 Ne8 46. Ra1 Nc7 47. Rf1 Nb5 48. Rf2 Nd4 49. Kg2 Rd3 50. h4 Kh5 51. Rf1 Nc2 52. Rc1 Rd2+ 53. Kh3 Nd4 54. Rf1 Ne2 55. Ra1 Nd4 56. Rf1 Re2 57. g4+ Kg6 58. Kg3 Rd2 59. Rf2 Rd1 60. Kg2 Ne6 61. Kg3 Kf7 62. Ra2 Nf4 63. Ra7+ Kg6 64. Ra2 Rh1 65. Rh2 Rg1+ 66. Kf2 Rc1 67. Kg3 Kh6 68. Ra2 Rc6 69. Rd2 Rc1 70. Ra2 Rh1 71. Rh2 Rxh2 72. Kxh2 Kg6 73. Kg3 Ne6 74. Kf2 Kf7 75. Kg3 Ke7 76. Kf2 Kd6 77. Kg3 Ke7 78. Kh3 Kd7 79. Kh2 Kc6 80. Kg3 Kd6 81. Kh3 Kc5 82. g5 fxg5 83. h5 Kd4 84. Kg4 Ke3 85. h6 Nf8 86. Kxg5 Kxf3 87. Kf5 Kg3 88. Kxe5 Kg4 89. Kf6 Kh5 90. Kg7 Ne6+ 91. Kh7 Ng5+ 92. Kg7 Ne6+ 93. Kf6 Nf8 94. Kf7 Kxh6 95. Kxf8 Kg5 96. e5 Kf5 97. e6 Kxe6 1/2-1/2

[Event "Veliko Gradiste Silver Lake op-A"]
[Site "Veliko Gradiste"]
[Date "2021.06.24"]
[Round "3"]
[White "Konyves, Almos"]
[Black "Fernandez Lledo, Javier"]
[Result "1-0"]
[WhiteElo "2102"]
[BlackElo "2281"]
[PlyCount "52"]
[EventDate "2021.06.23"]
[EventType "swiss"]
[EventRounds "9"]
[EventCountry "SRB"]
[SourceTitle "EXT 2022"]
[Source "ChessBase"]
[SourceDate "2021.10.06"]
[SourceVersion "1"]
[SourceVersionDate "2021.10.06"]
[SourceQuality "1"]

1. c4 Nf6 2. Nc3 b6 3. e4 e5 4. g3 Bb4 5. Bg2 Bxc3 6. bxc3 Bb7 7. d3 h6 8. Ne2 d6 9. 0-0 Nbd7 10. h3 Qe7 11. Be3 0-0-0 12. Nc1 Nc5 13. Nb3 Nfd7 14. Qc2 g6 15. f4 Rdg8 16. Kh2 Rh7 17. Rae1 Kb8 18. Qc1 h5 19. fxe5 dxe5 20. Qa3 Qd8 21. Bxc5 Nxc5 22. Nxc5 bxc5 23. Rb1 c6 24. Qa4 Qd6 25. Qb3 f6 26. Qa3 Rc8 1-0

[Event "ESP-ch 85th"]
[Site "Linares"]
[Date "2020.09.01"]
[Round "2"]
[White "Fernandez Lledo, Javier"]
[Black "Gines Esteo, Pedro Antonio"]
[Result "1/2-1/2"]
[WhiteElo "2220"]
[BlackElo "2454"]
[PlyCount "98"]
[EventDate "2020.08.31"]
[EventType "swiss"]
[EventRounds "9"]
[EventCountry "ESP"]
[SourceTitle "EXT 2021"]
[Source "ChessBase"]
[SourceDate "2020.10.23"]
[SourceVersion "1"]
[SourceVersionDate "2020.10.23"]
[SourceQuality "1"]

1. e4 c6 2. Ne2 d5 3. e5 c5 4. d4 Nc6 5. c3 Bf5 6. Ng3 Bxb1 7. Rxb1 e6 8. a3 g6 9. h4 h5 10. Ne2 Nh6 11. g3 c4 12. Bh3 b5 13. Nf4 Qd7 14. 0-0 Ne7 15. b3 Nef5 16. a4 a6 17. Ra1 Qc6 18. b4 Be7 19. Bd2 Kd7 20. Ng2 a5 21. axb5 Qxb5 22. bxa5 Rxa5 23. Bxh6 Nxh6 24. Rb1 Qa6 25. Nf4 Rc8 26. Qd2 Ng8 27. Qc2 Ra2 28. Qd1 Kc7 29. Qf3 Nh6 30. Nxd5+ exd5 31. Bxc8 Kxc8 32. Qxd5 Ra5 33. Qe4 Qa8 34. Qxa8+ Rxa8 35. Ra1 Ra3 36. Rxa3 Bxa3 37. Ra1 Bb2 38. Ra4 Kd7 39. Rxc4 Ng4 40. Kf1 f6 41. Ke2 fxe5 42. f3 Nh6 43. dxe5 Nf5 44. Kf2 Ke6 45. Rc6+ Kf7 46. Rc7+ Ke6 47. Rc6+ Kf7 48. Rc7+ Ke6 49. Rc6+ Kxe5 1/2-1/2

[Event "Madrid Chamartin op 8th"]
[Site "Madrid"]
[Date "2019.09.11"]
[Round "4"]
[White "Fernandez Lledo, Javier"]
[Black "Renteria Becerra, Jorge Elicer"]
[Result "1/2-1/2"]
[WhiteElo "2234"]
[BlackElo "2286"]
[PlyCount "32"]
[EventDate "2019.09.09"]
[EventType "swiss"]
[EventRounds "9"]
[EventCountry "ESP"]
[SourceTitle "CBM 192 Extra"]
[Source "Chessbase"]
[SourceDate "2019.11.06"]
[SourceVersion "1"]
[SourceVersionDate "2019.11.06"]
[SourceQuality "1"]

1. e4 e5 2. Nc3 Nc6 3. Bc4 Bc5 4. d3 d6 5. Na4 Bb6 6. Nxb6 axb6 7. a3 Qe7 8. Ne2 Be6 9. Ng3 Bxc4 10. dxc4 Qe6 11. b3 Nge7 12. 0-0 f5 13. exf5 Nxf5 14. Qg4 Nfd4 15. Qxe6+ Nxe6 16. Bb2 Ncd4 1/2-1/2

[Event "Madrid Chamartin op 8th"]
[Site "Madrid"]
[Date "2019.09.10"]
[Round "3"]
[White "Camarero Izquierdo, Juan Carlos"]
[Black "Fernandez Lledo, Javier"]
[Result "0-1"]
[WhiteElo "1840"]
[BlackElo "2234"]
[PlyCount "100"]
[EventDate "2019.09.09"]
[EventType "swiss"]
[EventRounds "9"]
[EventCountry "ESP"]
[SourceTitle "CBM 192 Extra"]
[Source "Chessbase"]
[SourceDate "2019.11.06"]
[SourceVersion "1"]
[SourceVersionDate "2019.11.06"]
[SourceQuality "1"]

1. e4 c5 2. Nf3 e6 3. d4 cxd4 4. Nxd4 Nc6 5. Nc3 Qc7 6. Be3 a6 7. Bd3 Nf6 8. f4 Nxd4 9. Bxd4 Qxf4 10. Rf1 Qxh2 11. Qf3 Qh5 12. Qf2 Bd6 13. Be2 Qg5 14. g4 h6 15. Be3 Qe5 16. 0-0-0 Qg3 17. Rxd6 Qxd6 18. Bc5 Qc7 19. Qd4 d5 20. Ba3 e5 21. Qb4 d4 22. Nd5 Nxd5 23. exd5 b5 24. d6 Qd7 25. Qc5 0-0 26. g5 Qh3 27. Qxe5 Qe3+ 28. Qxe3 dxe3 29. d7 Bxd7 30. Bxf8 Rxf8 31. gxh6 g6 32. a4 Kh7 33. Rd1 Bc6 34. Rd6 Rc8 35. a5 Kxh6 36. Rd3 Be4 37. Rxe3 Rxc2+ 38. Kd1 Bf5 39. b4 Rb2 40. Bd3 Rb3 41. Bxf5 Rxe3 42. Bc8 Re6 43. Kd2 Rd6+ 44. Ke3 Kg5 45. Ke4 f5+ 46. Ke5 Rf6 47. Kd5 f4 48. Kc5 f3 49. Bh3 f2 50. Bf1 Kg4 0-1

[Event "Madrid Chamartin op 8th"]
[Site "Madrid"]
[Date "2019.09.09"]
[Round "1"]
[White "Alvarez Escudero, Manuel"]
[Black "Fernandez Lledo, Javier"]
[Result "0-1"]
[WhiteElo "1662"]
[BlackElo "2234"]
[PlyCount "22"]
[EventDate "2019.09.09"]
[EventType "swiss"]
[EventRounds "9"]
[EventCountry "ESP"]
[SourceTitle "CBM 192 Extra"]
[Source "Chessbase"]
[SourceDate "2019.11.06"]
[SourceVersion "1"]
[SourceVersionDate "2019.11.06"]
[SourceQuality "1"]

1. e4 c5 2. Nf3 e6 3. d4 cxd4 4. Nxd4 Nc6 5. Be3 Qc7 6. Bd3 a6 7. 0-0 Nf6 8. Nc3 h5 9. f4 Ng4 10. Qf3 Nxe3 11. Qxe3 Nxd4 0-1

[Event "Collado Villalba 64 op 7th"]
[Site "Collado Villalba"]
[Date "2019.08.02"]
[Round "6"]
[White "Centeno Mendoza, Julio Stefano"]
[Black "Fernandez Lledo, Javier"]
[Result "1/2-1/2"]
[WhiteElo "1725"]
[BlackElo "2253"]
[PlyCount "204"]
[EventDate "2019.07.29"]
[EventType "swiss"]
[EventRounds "9"]
[EventCountry "ESP"]
[SourceTitle "CBM 195 Extra"]
[Source "ChessBase"]
[SourceDate "2020.05.31"]
[SourceVersion "1"]
[SourceVersionDate "2020.05.31"]
[SourceQuality "1"]

1. e4 c5 2. d4 cxd4 3. c3 dxc3 4. Nxc3 Nc6 5. Nf3 g6 6. Bc4 Bg7 7. e5 Nxe5 8. Nxe5 Bxe5 9. Bxf7+ Kxf7 10. Qd5+ Kg7 11. Qxe5+ Nf6 12. 0-0 d6 13. Qg3 Rf8 14. Re1 Rf7 15. b3 Bd7 16. Bb2 e5 17. Rad1 Qb6 18. Nd5 Qc6 19. Nxf6 Rxf6 20. f4 Re6 21. fxe5 d5 22. Qd3 Qc5+ 23. Bd4 Qe7 24. Rf1 Kg8 25. Rf2 a6 26. a4 Rf8 27. Rdf1 Rxf2 28. Rxf2 Rc6 29. Qf3 Rc1+ 30. Rf1 Rxf1+ 31. Kxf1 Qf7 32. Qxf7+ Kxf7 33. a5 Ke6 34. Kf2 Kf5 35. Kf3 h5 36. h4 Bb5 37. g3 Bd3 38. b4 Bc2 39. Ke3 Kg4 40. Kf2 Bf5 41. Bc3 Bd7 42. Bd4 Kf5 43. Kf3 Bb5 44. Ke3 Ba4 45. Kf3 Bb3 46. Ke3 Bd1 47. Bc3 Ba4 48. Bd4 Bd7 49. Kf3 Be6 50. Ke3 Kg4 51. Kf2 Bf5 52. Bc3 g5 53. hxg5 Kxg5 54. Kf3 Be4+ 55. Ke3 Kg4 56. Kf2 Bf5 57. Bd4 Be6 58. Bc3 Bg8 59. Bd4 Bf7 60. Bc3 h4 61. gxh4 Kf4 62. Bd4 Ke4 63. Bc5 Bh5 64. Be3 Kd3 65. Bg5 Kc3 66. Ke1 Kxb4 67. Bd2+ Kc4 68. Bg5 Bg4 69. Kd2 Kd4 70. Bd8 Kxe5 71. Bb6 d4 72. Kd3 Bf5+ 73. Kd2 Kd5 74. h5 Kc4 75. h6 Bg6 76. Bd8 Bf5 77. Bc7 Be4 78. Bd8 Kd5 79. Bb6 Bg6 80. Ke2 Kc4 81. Kd2 Kb5 82. Bxd4 Kxa5 83. Kc3 Ka4 84. Bb6 Kb5 85. Bd8 Bh7 86. Kb3 Kc5 87. Ka4 Bc2+ 88. Ka5 Kc6 89. Bb6 Bd3 90. Be3 Bh7 91. Bb6 Kd5 92. Be3 Ke4 93. Bf2 Kf3 94. Bc5 Ke4 95. Kb6 Kd5 96. Bb4 Kc4 97. Be1 Be4 98. h7 Bxh7 99. Kxb7 Kb5 100. Kc7 Ka4 101. Kd6 a5 102. Bxa5 Kxa5 1/2-1/2

[Event "Madrid-ch final"]
[Site "Madrid"]
[Date "2018.05.31"]
[Round "6"]
[White "Fernandez Lledo, Javier"]
[Black "Pastor Alonso de Prado, Emilio Alberto"]
[Result "1-0"]
[WhiteElo "2241"]
[BlackElo "2148"]
[PlyCount "55"]
[EventDate "2018.05.26"]
[EventType "swiss"]
[EventRounds "7"]
[EventCountry "ESP"]
[SourceTitle "CBM 184 Extra"]
[Source "ChessBase"]
[SourceDate "2018.06.28"]
[SourceVersion "1"]
[SourceVersionDate "2018.06.28"]
[SourceQuality "1"]

1. e4 d6 2. d4 Nf6 3. Nc3 c6 4. g3 Nbd7 5. Bg2 e5 6. Nge2 Be7 7. 0-0 0-0 8. h3 Re8 9. Be3 Bf8 10. g4 Nb6 11. Ng3 exd4 12. Bxd4 d5 13. e5 Nfd7 14. f4 Bc5 15. Nf5 Bxd4+ 16. Qxd4 Nf8 17. Nd6 Ne6 18. Qf2 Rf8 19. h4 f6 20. Qg3 Nc4 21. Nxc4 dxc4 22. Rad1 Qb6+ 23. Kh2 fxe5 24. fxe5 Qc7 25. Rd6 Re8 26. Ne4 Nf8 27. Ng5 Be6 28. Rxf8+ 1-0

[Event "Madrid-ch final"]
[Site "Madrid"]
[Date "2018.05.30"]
[Round "5"]
[White "Fernandez Lledo, Javier"]
[Black "Mkrtchyan, Levon"]
[Result "1-0"]
[WhiteElo "2241"]
[BlackElo "2141"]
[PlyCount "63"]
[EventDate "2018.05.26"]
[EventType "swiss"]
[EventRounds "7"]
[EventCountry "ESP"]
[SourceTitle "CBM 184 Extra"]
[Source "ChessBase"]
[SourceDate "2018.06.28"]
[SourceVersion "1"]
[SourceVersionDate "2018.06.28"]
[SourceQuality "1"]

1. e4 e6 2. d4 d5 3. Nc3 Bb4 4. e5 c5 5. a3 Bxc3+ 6. bxc3 Ne7 7. Qg4 0-0 8. Bd3 Nbc6 9. Qh5 Ng6 10. Nh3 Qc7 11. Be3 c4 12. Bxg6 fxg6 13. Qg4 Qf7 14. a4 Bd7 15. Nf4 Ne7 16. g3 Qf5 17. Qe2 g5 18. g4 Qf7 19. Nh5 h6 20. h4 gxh4 21. f4 Ng6 22. Kd2 Qe7 23. Rhg1 Be8 24. Raf1 Qd7 25. f5 exf5 26. Bxh6 fxg4 27. Bxg7 Rxf1 28. Rxf1 Nf4 29. Nf6+ Kxg7 30. Rxf4 Qe6 31. Rxg4+ Bg6 32. Rxg6+ 1-0

[Event "Madrid-ch sf"]
[Site "Madrid"]
[Date "2018.05.07"]
[Round "3"]
[White "Fernandez Lledo, Javier"]
[Black "Aguilera Lopez, Alejandro"]
[Result "1-0"]
[WhiteElo "2241"]
[BlackElo "2098"]
[PlyCount "125"]
[EventDate "2018.05.05"]
[EventType "swiss"]
[EventRounds "9"]
[EventCountry "ESP"]
[SourceTitle "CBM 184 Extra"]
[Source "ChessBase"]
[SourceDate "2018.06.28"]
[SourceVersion "1"]
[SourceVersionDate "2018.06.28"]
[SourceQuality "1"]

1. e4 c5 2. Nf3 e6 3. b3 d5 4. exd5 exd5 5. Bb5+ Nc6 6. 0-0 Bd6 7. Bb2 f6 8. Ng5 Bf5 9. Qh5+ Bg6 10. Qh3 Qc8 11. Bxc6+ bxc6 12. Re1+ Ne7 13. Ne6 Kf7 14. Qc3 Nf5 15. Nxc5 Be5 16. Rxe5 fxe5 17. Nd3 Re8 18. Nxe5+ Kg8 19. Na3 Qb7 20. Qxc6 Qxc6 21. Nxc6 Nd6 22. d3 a6 23. Nd4 Rac8 24. Kf1 Nb5 25. Naxb5 axb5 26. Re1 b4 27. Rxe8+ Bxe8 28. a4 bxa3 29. Bxa3 Bd7 30. Ke2 Kf7 31. Kd2 Ra8 32. Bb2 Ra6 33. Nf3 g6 34. Ne5+ Ke6 35. Nxd7 Kxd7 36. c4 Ra8 37. Bd4 Ra2+ 38. Kc3 Ra1 39. h4 Kd6 40. Be3 Ra2 41. b4 Ra3+ 42. Kd4 Rb3 43. b5 Ke6 44. Bf4 Rb2 45. Bg3 Rb3 46. Bc7 Rb2 47. cxd5+ Kd7 48. b6 Rxf2 49. g3 Rb2 50. Ke5 Rb3 51. Kf6 Rxd3 52. Bf4 Rb3 53. Kg7 Ke7 54. Kxh7 Kf7 55. d6 Rb5 56. Bg5 Ke6 57. Kxg6 Kxd6 58. Bf4+ Ke7 59. Bc7 Kf8 60. h5 Kg8 61. Kf6 Kh7 62. Ke6 Kh6 63. Kd7 1-0

[Event "Lisbon Portugal op"]
[Site "Lisbon"]
[Date "2018.02.08"]
[Round "8"]
[White "Cabello Aguilar, Enrique"]
[Black "Fernandez Lledo, Javier"]
[Result "0-1"]
[WhiteElo "2015"]
[BlackElo "2207"]
[PlyCount "67"]
[EventDate "2018.02.03"]
[EventType "swiss"]
[EventRounds "9"]
[EventCountry "POR"]
[SourceTitle "CBM 182 Extra"]
[Source "ChessBase"]
[SourceDate "2018.02.23"]
[SourceVersion "1"]
[SourceVersionDate "2018.02.23"]
[SourceQuality "1"]

1. e4 c5 2. Nf3 e6 3. d4 cxd4 4. Nxd4 Nc6 5. Nc3 Qc7 6. Be2 Nf6 7. 0-0 a6 8. Kh1 Bb4 9. Nxc6 bxc6 10. Bd3 0-0 11. f4 Bxc3 12. bxc3 c5 13. e5 Nd5 14. Qe1 Bb7 15. Qh4 f5 16. exf6 Nxf6 17. c4 Qc6 18. Qf2 d5 19. Bd2 Rad8 20. Ba5 Rde8 21. Rab1 Ba8 22. cxd5 Qxd5 23. Rbd1 Qxa2 24. Bc3 Rf7 25. Rfe1 Bc6 26. Re5 Rb7 27. Rxc5 Rb1 28. Re1 Bd5 29. Rxb1 Qxb1+ 30. Qe1 Qb7 31. Be5 a5 32. Bxf6 gxf6 33. c4 Bxc4 34. Bxc4 0-1

[Event "Madrid-chT 1617"]
[Site "Madrid"]
[Date "2017.02.12"]
[Round "9.12"]
[White "Moreno Ruiz, Javier"]
[Black "Fernandez Lledo, Javier"]
[Result "1-0"]
[WhiteElo "2448"]
[BlackElo "2239"]
[PlyCount "67"]
[EventDate "2016.11.20"]
[EventType "team-tourn"]
[EventRounds "14"]
[EventCountry "ESP"]
[SourceTitle "EXT 2018"]
[Source "ChessBase"]
[SourceDate "2017.10.13"]
[SourceVersion "1"]
[SourceVersionDate "2017.10.13"]
[SourceQuality "1"]
[WhiteTeam "Collado Villalba"]
[BlackTeam "Pueblo Nuevo"]
[WhiteTeamCountry "ESP"]
[BlackTeamCountry "ESP"]

1. d4 Nf6 2. c4 e6 3. Nc3 Bb4 4. e3 0-0 5. Bd3 d5 6. a3 Bxc3+ 7. bxc3 dxc4 8. Bxc4 c5 9. Nf3 Qc7 10. Ba2 b6 11. 0-0 Bb7 12. Ne5 Nc6 13. Nxc6 Qxc6 14. f3 Nd5 15. Qe1 cxd4 16. cxd4 Nc3 17. Bb3 Rac8 18. a4 b5 19. Ba3 bxa4 20. Bc2 Qc4 21. Bxf8 Kxf8 22. Rf2 e5 23. dxe5 Rc5 24. Rd2 Rxe5 25. Qf2 Qb4 26. e4 Bc6 27. Qxa7 Qb2 28. Re1 a3 29. Qd4 Re6 30. Ba4 Nxa4 31. Rxb2 axb2 32. Rb1 Be8 33. Rxb2 Nxb2 34. Qxb2 1-0